000 00699nam a22002297a 4500
001 46476
003 UA-OsUOA
005 20220717143935.0
007 ta
008 20070619b un ||||| |||| 00| 0 ukr d
040 _aUA-OsUOA
_brus
_cUA-OsUOA
_dUA-OsUOA
041 _arus
080 _a82-34.161.1
090 _a82-34.161.1
_bС79
100 _aСтефанит и Ихнилат
245 _aСредневековая книга басен по русским рукописям V - XVII веков
260 _aЛенинград
_bНаука
_c1969
300 _a248 с.
650 7 _a82 Література. Літературознавство
_2UDC
942 _cBK
_2udc
955 _a4
999 _c332572
_d332572